000 00430nam a2200193Ia 4500
005 20250423094630.0
008 250422s9999 xx 000 0 und d
020 _a9788175349476
050 _aK 124 .C5/
100 _aChaturveddi, R.G.
245 0 _aBroom’s legal maxims
250 _a11th ed.
260 _aNew Delhi
260 _bUniversal
260 _c2011
300 _a694 p
650 _aMAXIMS.
942 _cBK
999 _c27829
_d27829